LEADER 00936nam a2200241 4500 001 000000360259 003 CaOOAMICUS 005 20241015121731.0 008 241011s2018 it 000 u ita r 020 $a978-88-498-5649-1 040 $aSeMil$bita 100 1 $aCavaciuti, Santino.$0(OLS)http://semarc/name/6693 245 10$aLibertā e trascendenza /$cSantino Cavaciuti. 264 1$aSoveria Mannelli :$bRubbettino,$c2018. 300 $a190 p. ;$c21 cm 650 4$aSacro.$0(OLS)http://semarc/subject/8612 850 $aSeMil 852 $aSeMil$W1$xVenegono$y1$m2P VII 512$j251713$B251287$CSeMilBibl$Z2$F251287 $81 961 $aBuzzi mons. Franco - Omaggio 996 $6020$a978-88-498-5649-1$9(OLS)http://semarc/number/301499 996 $6245$aLibertā e trascendenza$9(OLS)http://semarc/title/450734 996 $6264$aSoveria Mannelli :$bRubbettino$9(OLS)http://semarc/publisher/32145 LEADER 01330nam a2200289 4500 001 000000365376 003 CaOOAMICUS 005 20251127152723.0 008 251124s1995 it a 000 u ita r 020 $a88-06-13229-6 040 $aSeMil$bita 100 1 $aJacob, Margaret Candee,$d<1943- >.$0(OLS)http://semarc/name/123281 240 10$aLiving the enlightenment.$0(OLS)http://semarc/title/456955 245 10$aMassoneria illuminata :$bpolitica e cultura nell'Europa del Settecento /$cMargaret C. Jacob. 264 1$aTorino :$bEinaudi,$c1995. 300 $aX, 390 p. :$bill. ;$c22 cm 490 1 $aBiblioteca di cultura storica ;$v206 650 4$aMassoneria - Sec. 18.$0(OLS)http://semarc/subject/27749 650 4$aEuropa - Cultura - Sec. 18.$0(OLS)http://semarc/subject/14248 830 0$aBiblioteca di cultura storica ;$v206.$0(OLS)http://semarc/title/365 850 $aSeMil 852 $aSeMil$W1$xVenegono$y1$m3U III 592$j264967$B256214$CSeMilBibl$Z2$F256214 $81 961 $aBuzzi mons. Franco - Omaggio 996 $6020$a88-06-13229-6$9(OLS)http://semarc/number/304747 996 $6245$aMassoneria illuminata :$bpolitica e cultura nell'Europa del Settecento$9(OLS)http://semarc/title/456957 996 $6264$aTorino :$bEinaudi$9(OLS)http://semarc/publisher/29884 LEADER 00942nam a2200217 4500 001 000000358737 003 CaOOAMICUS 005 20240712144452.0 008 240703s2005 it 000 u ita r 040 $aSeMil$bita 245 00$aDiabolus in fabula :$bil diavolo nella letteratura di Dante all'Esorcista /$ca cura di Alessandro Paronuzzi. 264 1$aMilano :$bĀncora,$c2005. 300 $a208 p. ;$c21 cm 650 4$aDemonio nella letteratura.$0(OLS)http://semarc/subject/51914 700 1 $aParonuzzi, Alessandro.$0(OLS)http://semarc/name/77629 850 $aSeMil 852 $aSeMil$W1$xVenegono$y1$m1R III 44$j249667$B249811$CSeMilBibl$Z2$F249811 $81 961 $aCitrini don Tullio ? Omaggio 996 $6245$aDiabolus in fabula :$bil diavolo nella letteratura di Dante all'Esorcista$9(OLS)http://semarc/title/449141 996 $6264$aMilano :$bĀncora$9(OLS)http://semarc/publisher/29763